Maillots des équipes de L’EURO 2024 - Statistiques

Statistiques générales
  • Ce quiz a été pris 273 fois
  • Le résultat moyen est 21 sur 24
Statistiques - réponses
Par images Réponse % Correct
Espagne
100%
Belgique
98%
France
98%
Italie
98%
Suisse
98%
Albanie
97%
Angleterre
97%
Turquie
97%
Portugal
96%
Allemagne
95%
Croatie
94%
Pays-Bas
93%
Danemark
90%
Slovaquie
89%
Roumanie
88%
Ukraine
87%
Pologne
86%
Autriche
85%
Ecosse
82%
Hongrie
80%
Slovénie
67%
République Tchèque
63%
Georgie
56%
Serbie
54%
Aucun quiz correspondant
Distribution des résultats
% des personnes avec chaque résultat
Percentile par nombre de réponses
Votre historique - résultats
Vous n’avez pas pris ce quiz